01003 2200337 4500001002100000005001500021035002000036007000300056008004100059020002200100040002200122082001500144084001700159090002100176090002200197100002900219245005000248250003100298300005000329500005500379650002300434850001200457041001300469504003300482264003200515336002100547337003000568338002300598999002200621990002200643INLIS00000000085790620210329090156 a0010-0321000929ta210329t2020 yoia g ind d a978-623-02-1219-2 aYOPDYOGbindcrda04223a297.27 a297.27 OLA k aDEP 297.27 OLA k aCB-D.11 2020-10180 aOland Abd Wahabepenulis10aKesenian barzanji /cpenulis, Oland Abd Wahab aCetakan pertama: Juli 2020 avi, 215 halaman :bilustrasi, gambar ;c20 cm aTeks terdiri dari bahasa Indonesia dan bahasa Arab 4aIslam dan Kesenian aYOPDYOG aindhara aBibliografi: halaman 210-21531aSleman :bDeepublish,c2020 2rdacontentateks 2rdamediaatanpa perantara 2rdacarrieravolume aCB-D.11/2020-1018 aCB-D.11/2020-1018